000 00692nam a2200277Ia 4500
008 180803s9999 xx 000 0 und d
020 _a9780439798013
050 _bM169 2005
100 _aMcNamara, Margaret
245 0 _aFirst-grade bunny /
245 0 _cwritten by Margaret McNamara ; illustrated by Mike Gordon.
260 _aNew York, New York :
260 _bScholastic,
260 _c2005
300 _a32 pages :
300 _bcolored ;
300 _c22cm.
440 _aReady-to-read : Robin Hill School.
500 _a400
650 _aFear.
650 _aRabbits.
650 _aSchool.
700 _aGordon, Mike.
700 _aSeries.
700 _aTitle.
999 _c358246
_d358246